| 000 | 00590nam a2200205 a 4500 | ||
|---|---|---|---|
| 005 | 20210223124007.0 | ||
| 008 | 991125n 000 0 u | ||
| 035 | _aUPN01000093989 | ||
| 100 | _aSymons, Sonya | ||
| 222 | _aREADING RESEARCH QUARTERLY | ||
| 245 | _aPrior knowledge affects text search success and extraction of information | ||
| 300 | _a250-261 | ||
| 362 | _a28, No. 3, 1993 | ||
| 505 | _aDiciembre 1993 | ||
| 653 | 0 | _aAPRENDIZAJE PREVIO | |
| 653 | 0 | _aINVESTIGACION BIBLIOGRAFICA | |
| 700 | 1 |
_aPressley, Michael _929879 |
|
| 904 |
_aAC _b031800 |
||
| 905 | _aArticulo | ||
| 999 |
_c74879 _d74879 |
||